This place is wet / (Record no. 3070)

MARC details
000 -LEADER
fixed length control field 01316pam a2200289 a 4500
005 - DATE AND TIME OF LATEST TRANSACTION
control field 20240202111059.0
020 ## - INTERNATIONAL STANDARD BOOK NUMBER
International Standard Book Number 9781338049060
040 ## - CATALOGING SOURCE
Original cataloging agency DLC
Transcribing agency DLC
Modifying agency DLC
Language of cataloging eng
050 00 - LIBRARY OF CONGRESS CALL NUMBER
Classification number QH112.C63
Item number 1989
082 00 - DEWEY DECIMAL CLASSIFICATION NUMBER
Classification number 574.
100 1# - MAIN ENTRY--PERSONAL NAME
Personal name Cobb, Vicki
245 10 - TITLE STATEMENT
Title This place is wet /
Statement of responsibility, etc. by Vicki Cobb ; illustrated by Barbara Lavallee.
260 ## - PUBLICATION, DISTRIBUTION, ETC.
Place of publication, distribution, etc. New York :
Name of publisher, distributor, etc. Scholastic ,
Date of publication, distribution, etc. 1989
300 ## - PHYSICAL DESCRIPTION
Extent 30 unnumbered pages :
Other physical details color illustrations ;
Dimensions 26 cm.
490 ## - SERIES STATEMENT
Series statement Imagine living here
505 ## - FORMATTED CONTENTS NOTE
Formatted contents note Z <br/>
520 ## - SUMMARY, ETC.
Summary, etc. Can you imaging living in a place where there is so much water some houses need to be built on stilts to protect them when the river rises? Or where it is so wet that some plants can grow on the sides of trees with their roots gathering water from the air? In this book you'll find out all sorts of things about what it's like to live in the rain forest of Brazil. Try to imagine living there!
521 ## - TARGET AUDIENCE NOTE
Target audience note 900 <br/>
Source Lexile <br/>
521 ## - TARGET AUDIENCE NOTE
Target audience note Z <br/>
Source Lexile <br/>
650 #0 - SUBJECT ADDED ENTRY--TOPICAL TERM
Topical term or geographic name entry element Rain forest ecology
Geographic subdivision Amazon River Region
General subdivision Juvenile literature.
650 #0 - SUBJECT ADDED ENTRY--TOPICAL TERM
Topical term or geographic name entry element Rain forest ecology
Geographic subdivision Brazil
General subdivision Juvenile literature.
650 #1 - SUBJECT ADDED ENTRY--TOPICAL TERM
Topical term or geographic name entry element Rain forest ecology
Geographic subdivision Amazon River Region.
700 1# - ADDED ENTRY--PERSONAL NAME
Personal name Lavallee, Barbara
Relator term illustrator
906 ## - LOCAL DATA ELEMENT F, LDF (RLIN)
a 7
b cbc
c orignew
d 1
e ocip
f 19
g y-gencatlg
942 ## - ADDED ENTRY ELEMENTS (KOHA)
Source of classification or shelving scheme Dewey Decimal Classification
Koha item type Books
Suppress in OPAC No
999 ## -
-- 3070
-- 3070
Holdings
Withdrawn status Lost status Source of classification or shelving scheme Damaged status Not for loan Collection Home library Current library Shelving location Date acquired Total Checkouts Full call number Barcode Date last seen Price effective from Koha item type
    Dewey Decimal Classification     Non-Fiction Footprints International School Library Network Toul Kork Campus Footprints International School Library Network Toul Kork Campus   02/02/2024   COB 574.5 QH112.C63 FISTK05581 02/02/2024 02/02/2024 Books